| 000 | 00730nam a2200253Ia 4500 | ||
|---|---|---|---|
| 003 | OSt | ||
| 005 | 20220926010855.0 | ||
| 006 | a|||||r|||| 00| 0 | ||
| 007 | ta | ||
| 008 | 220923b |||||||| |||| 00| 0 eng d | ||
| 037 | _cGeneral Book | ||
| 040 |
_aRTL _cRTL _beng |
||
| 041 |
_2eng _aeng |
||
| 082 | _aX:9, L8;M2 | ||
| 100 | _aRobbins Stephen P. | ||
| 245 | 0 |
_aPersonnel _b The management of human resources |
|
| 250 | _a2nd | ||
| 260 |
_aNew Jersey _bPrentice Hall _c1982 |
||
| 300 |
_axxiii, 520p. Glossary p.503-09 _ccm. |
||
| 650 |
_a Personnel Management _929105 |
||
| 650 |
_aLabour Economics _921364 |
||
| 942 |
_hX:9, L8;M2 _cGB _2CC |
||
| 999 |
_c618591 _d618591 |
||